000 00663nam a2200229Ia 4500
003 OSt
005 20220926014431.0
006 a|||||r|||| 00| 0
007 ta
008 220923b |||||||| |||| 00| 0 eng d
037 _cGeneral Book
040 _aRTL
_cRTL
_beng
041 _2eng
_aeng
082 _aX9(J3)k, L7
100 _aLapedes Daniel N Ed.
_9124336
245 0 _aMcGraw hill encyclopedia of food, agriculture and
260 _aNew York
_bMcGraw Hill USA
_c1977
300 _a732p. Appendix p. 697-705
_ccm.
650 _aFood Industry
942 _hX9(J3)k, L7
_cGB
_2CC
999 _c629015
_d629015